| 000 | 00792 a2200265 4500 | ||
|---|---|---|---|
| 999 |
_c22985 _d9641 |
||
| 001 | 22985 | ||
| 003 | TR-AnTOB | ||
| 005 | 20190408213345.0 | ||
| 008 | 050112s1996 tu tur | ||
| 020 | _a975803006x | ||
| 040 |
_aTR-AnTOB _cTR-AnTOB |
||
| 041 | _atur | ||
| 050 |
_aPN2287.C5 _bB719 1996 |
||
| 090 | _aPN2287.C5 B719 1996 | ||
| 100 |
_aBronw, Pam _916574 |
||
| 245 | 0 |
_aCharlie Chaplin : _bDünyaya umut ve neşe veren sessiz film yıldızı / _cPam Brown ; çev. Leyla Onat. |
|
| 264 | 1 |
_aAnkara : _bİlkkaynak Kültür ve Sanat Ürünleri, _c1996 |
|
| 300 |
_a64 p. : _bcol. ill. ; _c22 cm |
||
| 490 | 0 | _aİnsanlık Tarihine Yön Verenler : Charlie Chaplin | |
| 500 | _aIncludes index. | ||
| 600 | 1 | 0 |
_aChaplin, Charlie, _d1889-1977 _99304 |
| 902 | _a*** | ||
| 942 |
_cBK _2lcc |
||